| 000 | 00626nam a2200181Ia 4500 | ||
|---|---|---|---|
| 008 | 100921s9999 xx 000 0 und d | ||
| 082 |
_b909 _a891.463 थ 0 |
||
| 100 | _aभावे पुरूषोत्तम भास्कर. | ||
| 245 | _aभावे यांच्या निवडक कथा. | ||
| 260 |
_b--- _c0 |
||
| 300 |
_a249 _b--- |
||
| 365 | _b3 | ||
| 520 | _aललित-कथा. | ||
| 630 | _aभावे यांच्या निवडक कथा. | ||
| 650 | _aललित-कथा. | ||
| 730 | _aभावे यांच्या निवडक कथा. | ||
| 942 | _cBOOK | ||
| 999 |
_c750022 _d750019 |
||